Dom smútku, Pezinok

Uložené v:
Podrobná bibliografia
Hlavný autor: Pecháčková, Lucia (Autor)
Ďalší autori: Šimkovič, Vladimír (Vedúci práce)
Médium: Rukopis Kniha
Jazyk:Slovak
Vydavateľské údaje: Bratislava 2023
Predmet:
On-line prístup:http://is.stuba.sk/zp/portal_zp.pl?podrobnosti=155669
Tagy: Pridať tag
Žiadne tagy, Buďte prvý, kto otaguje tento záznam!

MARC

LEADER 00000ntm a22000003a 4500
001 stuzp93806
003 SK-STU
005 20231004085212.3
007 ta
008 150427s2015----xo-----f-mn---000-0-slo-d
040 |a STU  |b slo 
041 0 |a slo 
100 1 |a Pecháčková, Lucia  |u 058180  |4 aut  |U FAD Fakulta architektúry a dizajnu  |T FAD Ústav architektúry občianskych budov  |X 103600  |U A8180  |Y 399  |7 103600 
242 0 1 |a Funeral Hall, Pezinok  |y eng 
245 1 0 |a Dom smútku, Pezinok 
260 |c 2023  |a Bratislava 
650 4 |a dom smútku  |2 slo 
650 4 |a cintorín  |2 slo 
650 4 |a pohrebníctvo  |2 slo 
650 4 |a funeral hall  |2 eng 
650 4 |a funeral  |2 eng 
650 4 |a cemetery  |2 eng 
700 1 |a Šimkovič, Vladimír  |4 ths  |X 394  |7 A000000394 
856 4 |u http://is.stuba.sk/zp/portal_zp.pl?podrobnosti=155669  |u https://opac.crzp.sk/?fn=detailBiblioForm&sid=C03CB0FBA6588971D83C24D1B6BF